000 00701nam a2200229 a 4500
005 20210219153517.0
008 991125n 000 0 u
035 _aUPN01000104413
100 _aWissoe, Lawrence S.
222 _aCHILD ABUSE AND NEGLECT :
_bTHE INTERNATIONAL JOURNAL
245 _aUse of epidemiological data in the diagnosis of physical child abuse : variations in response to hypothetical cases
300 _a45-56
362 _a16, No. 1, 1992
505 _aSeptiembre 1992
653 0 _aDIAGNOSTICO CLINICO
653 0 _aEPIDEMIOLOGIA
653 0 _aFISICA
653 0 _aNINO MALTRATADO
700 _aWilson, Modena E. H.
904 _aAC
_b042224
905 _aArticulo
999 _c78856
_d78856